Biología molecular de la célula

Zapisane w:
Opis bibliograficzny
Główni autorzy: Alberts, Bruce (Autor), Johnson, Alexander (Autor), Lewis, Julian (Autor), Roberts, Keith (Autor), Walter, Peter (Autor)
Format: Książka
Język:hiszpański
Wydane: Barcelona Omega 2004
Wydanie:4a. ed
Hasła przedmiotowe:
Etykiety: Dodaj etykietę
Nie ma etykietki, Dołącz pierwszą etykiete!

MARC

LEADER 00000nam a2200000 a 4500
001 UCK2682
003 CL-VaPUC
008 050311e20040000SP |||||||||||||||||spa|d
020 |a 8428213518 
082 0 4 |a 571.6  |b ALB  |2 21 
100 0 |a Alberts, Bruce  |e author  |9 60 
700 0 |a Johnson, Alexander  |e author  |9 490568 
700 |a Lewis, Julian  |e author  |9 599840 
700 0 |a Roberts, Keith  |e author  |9 490570 
700 0 |a Walter, Peter  |e author  |9 490571 
245 1 0 |a Biología molecular de la célula 
250 |a 4a. ed 
300 |a 1463 p 
942 |c BK 
945 |d 20050311 00:00:00  |a cmena 
260 |a Barcelona  |b Omega  |c 2004 
500 |a Incluye Cd-Rom 
650 0 |a Biología molecular  |9 269677 
650 0 |a Citogenética  |9 269678 
650 0 |a Citología  |9 261432 
650 0 |a Bioquímica   |9 259492 
650 0 |a Genética molecular  |9 269770 
650 7 |a MACROMOLECULAS  |2 CL-VaPUC  |9 313728 
650 0 |a Herencia  |9 256325 
650 0 |a Genes  |9 330314 
583 |a last modification  |c 20120924 13:44:04  |k Rodrigo Vera 
999 |c 312114  |d 312112 
952 |0 0  |1 0  |2 ddc  |4 0  |6 571_600000000000000_ALB_2004  |7 0  |8 A  |9 381992  |a BIBING  |b BIBING  |c RES  |d 2019-11-21  |i 4114205  |o 571.6 ALB 2004  |p 4114205  |r 2025-01-20  |w 2019-11-21  |y BK  |k EIB 
952 |0 0  |1 0  |2 ddc  |4 0  |6 571_600000000000000_ALB_2004  |7 0  |8 A  |9 381993  |a BIBING  |b BIBING  |c RES  |d 2019-11-21  |i 4627644  |l 3  |o 571.6 ALB 2004  |p 4627644  |r 2025-04-28  |s 2025-04-24  |w 2019-11-21  |y BK  |k EIB 
952 |0 0  |1 0  |2 ddc  |4 0  |6 571_600000000000000_ALB_2004  |7 0  |8 A  |9 381994  |a BIBING  |b BIBING  |c RES  |d 2019-11-21  |i 4658221  |l 1  |o 571.6 ALB 2004  |p 4658221  |r 2025-01-20  |s 2022-05-04  |w 2019-11-21  |y BK  |k EIB